00439nam a2200169Ia 4500001001000000008004100010010001100051264000900062504002700071650003900098650002900137650004100166700001800207910000900225942001600234999001900250Z_Gunther220113so 19 xx 000 0 und d a166236 co 19 aIncluye bibliografía aAcaricidas xx Análisis9140294 aControl de plagas927595 aInsecticidas xx Análisis9140295 aBlinn9140296 ao 19 ccFRANCIS A. c166236d166236